书目信息 |
| 题名: |
鄂尔多斯盆地低渗透气藏采气工艺技术
|
|
| 作者: | 张书平 , 付钢旦 , 张振文 编著 | |
| 分册: | ||
| 出版信息: | 北京 石油工业出版社 2014 |
|
| 页数: | 144页 | |
| 开本: | 26cm | |
| 丛书名: | ||
| 单 册: | ||
| 中图分类: | TE37 , TE3 | |
| 科图分类: | ||
| 主题词: | 油田开发 , 气田开发 , 石油开采 , 天然气开采 | |
| 电子资源: | ||
| ISBN: | 978-7-5183-0340-3 | |
| 000 | 01119nam0 2200301 450 | |
| 001 | 2344485379 | |
| 005 | 20231130122143.44 | |
| 010 | @a978-7-5183-0340-3@dCNY56.00 | |
| 100 | @a20141216d2014 em y0chiy50 ea | |
| 101 | 0 | @achi |
| 102 | @aCN@b110000 | |
| 105 | @aa z 000yy | |
| 200 | 1 | @a鄂尔多斯盆地低渗透气藏采气工艺技术@Ae er duo si pen di di shen tou qi cang cai qi gong yi ji shu@f张书平,付钢旦,张振文编著 |
| 210 | @a北京@c石油工业出版社@d2014 | |
| 215 | @a144页@c图@d26cm | |
| 330 | @a本书以长庆油田十几年的科研攻关成果为基础,结合国内外最新研究方向和研究成果,系统总结了长庆油田实践过程中形成的适用于低渗透气藏开发五大成熟采气工程技术,力求全面、系统地展示鄂尔多斯盆地钻采工程实用技术。 | |
| 606 | 0 | @a油田开发 |
| 606 | 0 | @a气田开发 |
| 606 | 0 | @a石油开采 |
| 606 | 0 | @a天然气开采 |
| 607 | @a鄂尔多斯盆地@x低渗透油气藏@x采气@x研究 | |
| 690 | @aTE37@v5 | |
| 690 | @aTE3@v4 | |
| 701 | 0 | @a张书平@Azhang shu ping@f(1963-)@4编著 |
| 701 | 0 | @a付钢旦@Afu gang dan@f(1962-)@4编著 |
| 701 | 0 | @a张振文@Azhang zhen wen@f(1963-)@4编著 |
| 801 | 0 | @aCN@b山东中教@c20231126 |
| 905 | @aBZT@dTE3@e17 | |
| 鄂尔多斯盆地低渗透气藏采气工艺技术/张书平,付钢旦,张振文编著.-北京:石油工业出版社,2014 |
| 144页:图;26cm |
| ISBN 978-7-5183-0340-3:CNY56.00 |
| 本书以长庆油田十几年的科研攻关成果为基础,结合国内外最新研究方向和研究成果,系统总结了长庆油田实践过程中形成的适用于低渗透气藏开发五大成熟采气工程技术,力求全面、系统地展示鄂尔多斯盆地钻采工程实用技术。 |
| ● |
| 相关链接 |
|
|
|
正题名:鄂尔多斯盆地低渗透气藏采气工艺技术
索取号:TE3/17
 
预约/预借
| 序号 | 登录号 | 条形码 | 馆藏地/架位号 | 状态 | 备注 |
| 1 | 2001233921 | 2001233921 | 中教(第二批第二书库)/山东中教(第二批)/1402/ [索取号:TE3/17] | 在馆 | |
| 2 | 2001233922 | 2001233922 | 中教(第二批第二书库)/山东中教(第二批)/1402/ [索取号:TE3/17] | 在馆 | |
| 3 | 2001233923 | 2001233923 | 中教(第二批第二书库)/山东中教(第二批)/1402/ [索取号:TE3/17] | 在馆 | |
| 4 | 2001233924 | 2001233924 | 中教(第二批第二书库)/山东中教(第二批)/1402/ [索取号:TE3/17] | 在馆 | |
| 5 | 2001233925 | 2001233925 | 中教(第二批第二书库)/山东中教(第二批)/1402/ [索取号:TE3/17] | 在馆 | |
| 6 | 2001233926 | 2001233926 | 中教(第二批第二书库)/山东中教(第二批)/1402/ [索取号:TE3/17] | 在馆 | |
| 7 | 2001233927 | 2001233927 | 中教(第二批第二书库)/山东中教(第二批)/1402/ [索取号:TE3/17] | 在馆 | |
| 8 | 2001233928 | 2001233928 | 中教(第二批第二书库)/山东中教(第二批)/1402/ [索取号:TE3/17] | 在馆 | |
| 9 | 2001233929 | 2001233929 | 中教(第二批第二书库)/山东中教(第二批)/1402/ [索取号:TE3/17] | 在馆 | |
| 10 | 2001233930 | 2001233930 | 中教(第二批第二书库)/山东中教(第二批)/1402/ [索取号:TE3/17] | 在馆 | |
| 11 | 2001233931 | 2001233931 | 中教(第二批第二书库)/山东中教(第二批)/1402/ [索取号:TE3/17] | 在馆 | |
| 12 | 2001233932 | 2001233932 | 中教(第二批第二书库)/山东中教(第二批)/1402/ [索取号:TE3/17] | 在馆 | |
| 13 | 2001233933 | 2001233933 | 中教(第二批第二书库)/山东中教(第二批)/1402/ [索取号:TE3/17] | 在馆 | |
| 14 | 2001233934 | 2001233934 | 中教(第二批第二书库)/山东中教(第二批)/1402/ [索取号:TE3/17] | 在馆 | |
| 15 | 2001233935 | 2001233935 | 中教(第二批第二书库)/山东中教(第二批)/1402/ [索取号:TE3/17] | 在馆 | |
| 16 | 2001233936 | 2001233936 | 中教(第二批第二书库)/山东中教(第二批)/1402/ [索取号:TE3/17] | 在馆 | |
| 17 | 2001233937 | 2001233937 | 中教(第二批第二书库)/山东中教(第二批)/1402/ [索取号:TE3/17] | 在馆 | |
| 18 | 2001233938 | 2001233938 | 中教(第二批第二书库)/山东中教(第二批)/1402/ [索取号:TE3/17] | 在馆 | |
| 19 | 2001233939 | 2001233939 | 中教(第二批第二书库)/山东中教(第二批)/1402/ [索取号:TE3/17] | 在馆 | |
| 20 | 2001233940 | 2001233940 | 中教(第二批第二书库)/山东中教(第二批)/1402/ [索取号:TE3/17] | 在馆 | |
| 21 | 2001233941 | 2001233941 | 中教(第二批第二书库)/山东中教(第二批)/1402/ [索取号:TE3/17] | 在馆 | |
| 22 | 2001233942 | 2001233942 | 中教(第二批第二书库)/山东中教(第二批)/1402/ [索取号:TE3/17] | 在馆 | |
| 23 | 2001233943 | 2001233943 | 中教(第二批第二书库)/山东中教(第二批)/1402/ [索取号:TE3/17] | 在馆 | |
| 24 | 2001233944 | 2001233944 | 中教(第二批第二书库)/山东中教(第二批)/1402/ [索取号:TE3/17] | 在馆 | |
| 25 | 2001233945 | 2001233945 | 中教(第二批第二书库)/山东中教(第二批)/1402/ [索取号:TE3/17] | 在馆 | |
| 26 | 2001233946 | 2001233946 | 中教(第二批第二书库)/山东中教(第二批)/1402/ [索取号:TE3/17] | 在馆 | |
| 27 | 2001233947 | 2001233947 | 中教(第二批第二书库)/山东中教(第二批)/1402/ [索取号:TE3/17] | 在馆 | |
| 28 | 2001233948 | 2001233948 | 中教(第二批第二书库)/山东中教(第二批)/1402/ [索取号:TE3/17] | 在馆 | |
| 29 | 2001233949 | 2001233949 | 中教(第二批第二书库)/山东中教(第二批)/1402/ [索取号:TE3/17] | 在馆 | |
| 30 | 2001233950 | 2001233950 | 中教(第二批第二书库)/山东中教(第二批)/1402/ [索取号:TE3/17] | 在馆 |